Most Common Female Names beginning with B in the USA - Statistics

General Stats
  • This quiz has been taken 1,357 times
  • The average score is 17 of 47
Answer Stats
Hint Answer % Correct
1 Barbara
80%
10 Beth
78%
2 Betty
76%
3 Brenda
71%
5 Bonnie
65%
23 Bethany
62%
16 Belinda
58%
37 Brianna
56%
7 Beatrice
54%
13 Billie
54%
9 Brittany
52%
14 Becky
50%
6 Bertha
48%
25 Betsy
48%
11 Bessie
46%
20 Bridget
44%
43 Britney
43%
12 Brandy
40%
32 Bianca
38%
31 Bobbi
38%
4 Beverly
37%
22 Brooke
34%
24 Bernadette
33%
8 Bernice
32%
39 Briana
32%
34 Barbra
30%
17 Brandi
29%
18 Blanche
27%
15 Bobbie
25%
42 Beryl
23%
29 Bette
23%
28 Bettie
23%
26 Bonita
23%
27 Brittney
21%
47 Beverley
20%
40 Berta
19%
45 Brigitte
18%
41 Bridgett
17%
46 Brandie
16%
44 Bertie
15%
19 Beulah
15%
21 Blanca
14%
35 Bridgette
14%
38 Benita
11%
36 Bernadine
9%
30 Beatriz
7%
33 Bettye
4%
No matching quizzes found
Score Distribution
Percent of People with Each Score
Percentile by Number Answered
Your Score History
You have not taken this quiz